[Event "UKR-ch (Women) 80th"]
[Site "Kherson"]
[Date "2020.12.11"]
[Round "6"]
[White "Grigorchuk, Katerina"]
[Black "Doluhanova, Evgeniya"]
[Result "0-1"]
[WhiteElo "1767"]
[BlackElo "2216"]
[PlyCount "62"]
[EventDate "2020.12.06"]
[EventType "swiss"]
[EventRounds "9"]
[EventCountry "UKR"]
[SourceTitle "CBM 199 Extra"]
[Source "ChessBase"]
[SourceDate "2021.01.31"]
[SourceVersion "1"]
[SourceVersionDate "2021.01.31"]
[SourceQuality "1"]

1. e4 e5 2. Nf3 Nc6 3. Bb5 g6 4. 0-0 Bg7 5. c3 a6 6. Ba4 Nge7 7. Re1 0-0 8. d4 exd4 9. cxd4 b5 10. Bb3 Na5 11. Bc2 d6 12. h3 c5 13. Nc3 Bb7 14. Bf4 Nc4 15. b3 Na3 16. Rc1 Nc6 17. Be3 Rc8 18. Bb1 Nb4 19. dxc5 dxc5 20. Nd5 Nxd5 21. exd5 Nxb1 22. Rxb1 Qxd5 23. Qc2 c4 24. b4 Rfe8 25. Rbd1 Qe4 26. Qxe4 Bxe4 27. Nd4 Bd3 28. a3 f5 29. g3 g5 30. Nf3 h6 31. Kg2 Be4 0-1

[Event "UKR-ch rapid (Women)"]
[Site "Kherson"]
[Date "2020.12.04"]
[Round "9"]
[White "Hrebenshchykova, Yelyzaveta"]
[Black "Grigorchuk, Katerina"]
[Result "1-0"]
[WhiteElo "2083"]
[BlackElo "1767"]
[PlyCount "31"]
[EventDate "2020.12.03"]
[EventType "swiss (rapid)"]
[EventRounds "9"]
[EventCountry "UKR"]
[SourceTitle "EXT 2022"]
[Source "ChessBase"]
[SourceDate "2021.10.06"]
[SourceVersion "1"]
[SourceVersionDate "2021.10.06"]
[SourceQuality "1"]

1. e4 e6 2. d4 d5 3. Nc3 Nf6 4. Bg5 Bb4 5. e5 h6 6. Be3 Bxc3+ 7. bxc3 Ne4 8. Qg4 Kf8 9. Bd3 Nxc3 10. h4 c5 11. Rh3 h5 12. Qf4 Bd7 13. dxc5 Qa5 14. Bd2 Qxc5 15. Bg6 Be8 16. Rxc3 1-0